000 01435nam a2200241Ia 4500
001 a1364-32970
003 IT-MiCISF
005 20251024161910.0
008 161014s9999||||xx |||||||||||||| ||und||
040 _aIT-MiCISF
_cIT-MiCISF
041 _ait
100 _aBelletti Francesco (a cura di)
_961079
245 0 _aFare famiglia oggi
260 _a Roma,
_bCittà nuova,
_c2001
300 _app. 109
500 _a / famiglia, coppia, giovani, società, statistica, pastorale-familiare, lavoro /
520 _aIl volume, frutto della collaborazione tra il Forum delle Associazioni familiari e gli uffici CEI per la famiglia e per il lavoro, fornisce le evidenze empiriche della situazione di difficoltà che caratterizza spesso le giovani coppie, che si trovano di fronte ad un contesto sociale indifferente, quando non addirittura ostile, alla scelta di "fare famiglia". Vengono poi evidenziati alcuni possibili percorsi di promozione della progettualità di coppia, che richiamano ad una responsabilità specifica tutti gli attori sociali: persone, famiglie, politica, economia, comunità ecclesiale, nella convinzione che investire sulle nuove famiglie sia un "buon investimento" per il futuro dell'Italia intera.
650 _a Famiglia
_e006
654 _asaggio
700 _aSantolini L., Belletti F., Tomisich M., Di Nicola P., Livraghi R., Bonetti R., Caracciolo P.
_962661
942 _cBK
_2ddc
999 _c217876
_d217876
999 _bsi